000 00284nam a2200145Ia 4500
100 _aDowney/Allen B
942 _cBK
366 _f20
245 _aThink DSP:Dsp in python
260 _bSPD
_c2016
082 _bMON
300 _a152
546 _aENGLISH
_cComputers
999 _c27675
_d27675